U.S. Area Codes - Statistics

General Stats
  • This quiz has been taken 20 times
  • The average score is 8 of 20
Answer Stats
Hint Answer % Correct
202 Washington
81%
702 Las Vegas
69%
678 Atlanta
63%
303 Denver
63%
305 Miami
63%
313 Detroit
56%
602 Phoenix
44%
314 Saint Louis
44%
415 San Francisco
44%
612 Minneapolis
38%
619 San Diego
38%
847 Chicago
31%
216 Cleveland
31%
214 Dallas
31%
323 Los Angeles
31%
617 Boston
25%
832 Houston
25%
414 Milwaukee
25%
917 New York
25%
716 Buffalo
13%
No matching quizzes found
Score Distribution
Percent of People with Each Score
Percentile by Number Answered
Your Score History
You have not taken this quiz